000 00415nam a22001697a 4500
003 CEME
005 20210628210414.0
008 210216b xxu||||| |||| 00| 0 eng d
040 _c.
082 _a327.1 SAF
100 _aSafdar Mehmood.Dr
_979264
245 _aInternational affairs
260 _aLAHORE
_bJANG PUBLISHERS
_c2000
300 _a763P
650 _aINTERNATIONAL RELATIONS
_9880
942 _cBK
_2ddc
999 _c584315
_d584315